Entre Egypte et Alsace : la collection égyptienne du Muséum d'histoire naturelle de Colmar et la collection égyptienne de la Société industrielle de Mulhouse /
Saved in:
Main Author:
Format: Book
Language: French
Published:
Colmar :
J. Do Bentzinger,
2007.
Subjects:
Tags: Add Tag
No Tags, Be the first to tag this record!
Call Number: DT59 .C85 2007
| LEADER | 01051namaa2200277 4500 | ||
|---|---|---|---|
| 001 | 13459 | ||
| 003 | OSt | ||
| 005 | 20260517071402.0 | ||
| 008 | 130303s2007 fr ab b 001 0 fre d | ||
| 010 | |a 2008437353 | ||
| 020 | |a 9782849601266 | ||
| 020 | |a 2849601268 | ||
| 040 | |c ARCE Library | ||
| 043 | |a f-ua--- |a e-fr--- | ||
| 050 | 4 | |a DT59 .C85 2007 | |
| 100 | 1 | |a Schweitzer, Annie, |e author | |
| 245 | 1 | 0 | |a Entre Egypte et Alsace : |b la collection égyptienne du Muséum d'histoire naturelle de Colmar et la collection égyptienne de la Société industrielle de Mulhouse / |c Annie Schweitzer ; avec les contributions du Claude Traunecker et de Catherine Heinrich. |
| 264 | 1 | |a Colmar : |b J. Do Bentzinger, |c 2007. | |
| 300 | |a 123 pages : |b illustrations (some col.), maps ; |c 26 cm. | ||
| 504 | |a Includes bibliographical references and index. | ||
| 610 | 2 | 0 | |a Muséum d'histoire naturelle de Colmar. |
| 610 | 2 | 0 | |a Société industrielle de Mulhouse (France) |
| 651 | 0 | |a Egypt |x Antiquities. | |
| 901 | |a reviewed | ||
| 942 | |c BK |2 lcc | ||
| 999 | |c 14536 |d 14536 | ||
